Význam výročnej správy pre interných a externých používateľov informácií z účtovníctva bakalárska práca

Salvato in:
Dettagli Bibliografici
Autore principale: Šubová, Lucia
Ente Autore: Fakulta hospodárskej informatiky EU. Katedra účtovníctva a audítorstva
Altri autori: Katríková, Daniela
Natura: Libro
Lingua:slovacco
Pubblicazione: Bratislava 2018
Tags: Aggiungi Tag
Nessun Tag, puoi essere il primo ad aggiungerne!!

MARC

LEADER 00000nbm a2200000 4500
001 0245345
005 20181106084601.4
041 0 |a slo 
044 |a SK 
245 1 0 |a Význam výročnej správy pre interných a externých používateľov informácií z účtovníctva  |b bakalárska práca  |c Lucia Šubová ; školiteľ: Daniela Katríková 
264 1 |a Bratislava  |c 2018 
300 |a 39 s. 
100 1 |a Šubová, Lucia 
700 1 |a Katríková, Daniela 
710 2 |a Fakulta hospodárskej informatiky EU. Katedra účtovníctva a audítorstva